| 000 | 00697nam a22001577a 4500 | ||
|---|---|---|---|
| 003 | OSt | ||
| 005 | 20150919153315.0 | ||
| 008 | 150919b xxu||||| |||| 00| 0 eng d | ||
| 040 | _cRUA | ||
| 082 | _aAGR MAN 2004 B030 Or.1 | ||
| 100 |
_9882 _aMAN, KONGKEA. |
||
| 245 | _aeffects of fertilizer types on tomato diseases and insect pests at royal university of agriculture ( ឥទ្ធិពលប្រភេទជំងឺ និងសត្វល្អិតចង្រៃនៃដំណាំប៉េងប៉ោះនៅសាកលវិទ្យាល័យភូមិន្ទកសិកម្ម) | ||
| 260 |
_aPhnom Penh _bRUA _c2004 |
||
| 300 |
_a58p. _bill. _c29cm. |
||
| 942 |
_2ddc _cAGR |
||
| 999 |
_c850 _d850 |
||